| 000 | 01060nac a22002891u 4500 | ||
|---|---|---|---|
| 010 | _a 72009946 | ||
| 020 |
_a0691081247. _a069108128X |
||
| 082 | 0 | 0 |
_a553.28 _bFIS |
| 090 |
_c6991 _d6991 |
||
| 100 | _a20080729 | ||
| 111 | 2 | _aPrinceton University Conference. | |
| 245 | 1 | 0 |
_aPetroleum and global tectonics / _cedited by Alfred G. Fischer and Sheldon Judson. |
| 260 |
_aPrinceton, N.J. : _bPrinceton University Press,[1975] _c[1975] |
||
| 300 |
_axii, 322 p. : _bill. ; _c25 cm. |
||
| 500 | _aPapers presented at the 109th meeting of the Princeton University Conference held on March 10 and 11, 1972. | ||
| 500 | _adistributer: Al-Ahram | ||
| 504 | _aIncludes bibliographies. | ||
| 511 | _acatalogued by: wessam | ||
| 650 | 0 |
_aPetroleum _xGeology _xCongresses. |
|
| 650 | 0 |
_aPlate tectonics _xCongresses. |
|
| 700 | 1 | _aFischer, Alfred G., | |
| 700 | 1 | _aJudson, Sheldon, | |
| 942 |
_cBB _k553.28FIS _hRDA-MOD |
||
| 999 |
_c6991 _d6991 |
||
| 336 |
_2rdacontent _atext _btxt |
||
| 337 |
_aunmediated _2rdamedia _bn |
||
| 338 |
_avolume _bnc _2rdacarrier |
||